000 01115nam0a2200337 4500
001 RU\NLR\BIBL_A\022791290
005 20260628205850.0
010 _a978-5-04-228280-5
_93000
035 _a(NLR Aleph) 022791290
090 _a13744706
_c13744706
100 _a20260421d2026 u y0rusy50 ca
101 0 _arus
102 _aRU
105 _aa|||z|||000yy
181 0 _ai3
_baxxe
182 0 _an
200 1 _aМагия воды
_eтеория и практика: обряды, гадание, исполнение желаний
203 _aТекст
_bвизуальный
_cнепосредственный
210 _aМосква
_cЭксмо
_d2026
215 _a271 с.
_cил., табл.
_d20
225 1 _aКраткий курс
225 1 _aКраткий курс тайных искусств
333 _a16+
606 1 _aМагия водная
_92714671
_3RU\NLR\AUTH\6601772211
606 1 _aКульт воды
_91326954
_3RU\NLR\AUTH\66236390
686 1 _aЭ240.26
686 1 _aЭ240.03
942 _cBOOK
980 _aNB